000 00918cab a2200265 4500
001 ABS59297
008 090401t1998 xxu||||| |||| 00| 0 eng d
035 _a(Sirsi) u88817
041 _aeng
100 _aAlden, A,
245 _aElectromagnetic fields: are they dangerous?
260 _c1998
350 _a0
490 _aCSM
_bChartered Surveyor Monthly
_v8(1) September 1998, 38-39(2)
520 _aEvaluates the risks involved in living close to electromagnetic fields. Examines the research which suggests that it may be harmful to health, the public`s perception of the problem and gives guidance to surveyors.
650 _aELECTRICITY PYLONS
650 _aELECTROMAGNETIC FIELDS
650 _aEMF
650 _aHEALTH HAZARDS
650 _aRESIDENTIAL PROPERTY
_96266
650 _aRESIDENTIAL VALUATION
690 _aENVIRONMENTAL AND LAND CONSULTANCY
942 _n0
948 _c05/10/1998
999 _c56162
_d56162